000 00313nam a22001217a 4500
003 OSt
005 20260206101122.0
008 260206b |||||||| |||| 00| 0 eng d
040 _cfms
100 _aStevenson(W.J),etc
_91114035
245 _aIntroduction to management science:Spread sheets
942 _2CC
_cTB
_n0
999 _c1678740
_d1678740